[Event "Titled Tuesday intern op 14th May Late"]
[Site "Chess.com INT"]
[Date "2024.05.14"]
[Round "1"]
[White "Gurevich, Dmitry"]
[Black "Passen, Brett"]
[Result "1-0"]
[WhiteElo "2358"]
[BlackElo "1917"]
[PlyCount "101"]
[EventDate "2024.05.14"]
[EventType "swiss (blitz)"]
[EventRounds "11"]
[EventCountry "USA"]
[SourceTitle "CB21_2024"]
[SourceDate "2024.05.22"]
[SourceVersion "1"]
[SourceVersionDate "2024.05.22"]
[SourceQuality "1"]

1. d4 Nf6 2. c4 e6 3. g3 d5 4. Bg2 Be7 5. Nf3 0-0 6. Qc2 dxc4 7. Qxc4 a6 8. Qc2 Bd7 9. Ne5 Nc6 10. Nxc6 Bxc6 11. Bxc6 bxc6 12. e3 Qd5 13. 0-0 c5 14. Nc3 Qc6 15. Na4 Ne4 16. f3 Ng5 17. e4 f5 18. h4 Nf7 19. Be3 fxe4 20. fxe4 Nd6 21. Nxc5 Nf7 22. Qa4 Qd6 23. Bf4 e5 24. Qd7 exf4 25. Qxd6 Bxd6 26. Ne6 Rfe8 27. d5 fxg3 28. Kg2 Ne5 29. Rac1 Re7 30. Rc3 Rf7 31. Rxf7 Kxf7 32. Nxc7 Rc8 33. Nxa6 Rxc3 34. bxc3 Nc4 35. Nb4 Kf6 36. Nd3 Ne3+ 37. Kg1 Ke7 38. a4 Nc4 39. Kg2 Kd7 40. Kf3 Ne5+ 41. Nxe5+ Bxe5 42. c4 Kc7 43. c5 g6 44. Kg2 Bd4 45. c6 Be5 46. a5 h6 47. Kf3 g5 48. hxg5 h5 49. g6 h4 50. Kg2 Kd6 51. a6 1-0

[Event "Titled Tuesday intern op 14th Nov Early"]
[Site "Chess.com INT"]
[Date "2023.11.14"]
[Round "2"]
[White "Erzhanov, Arman"]
[Black "Passen, Brett"]
[Result "1-0"]
[WhiteElo "2175"]
[BlackElo "1909"]
[PlyCount "105"]
[EventDate "2023.11.14"]
[EventType "swiss (blitz)"]
[EventRounds "11"]
[EventCountry "USA"]
[SourceTitle "CB47_2023"]
[SourceDate "2023.11.22"]
[SourceVersion "1"]
[SourceVersionDate "2023.11.22"]
[SourceQuality "1"]

1. e4 Nc6 2. Nf3 d6 3. d4 g6 4. d5 Nb8 5. c4 Bg7 6. h3 c5 7. Nc3 e6 8. Be2 Nf6 9. 0-0 exd5 10. exd5 0-0 11. Bd3 Re8 12. Bg5 Qc7 13. Nb5 Qb6 14. Bf4 Rd8 15. Re1 a6 16. Nc3 Nbd7 17. Qd2 Nh5 18. Bh2 Nf8 19. Re2 Qb4 20. Rae1 b5 21. a3 Qb3 22. Qg5 Bf6 23. Qh6 Bg7 24. Qg5 Bf6 25. Qc1 bxc4 26. Nd2 cxd3 27. Nxb3 dxe2 28. Rxe2 Bf5 29. Ne4 Bxe4 30. Rxe4 Rab8 31. Na5 Bxb2 32. Qd1 Bd4 33. Nc6 Re8 34. Rxd4 cxd4 35. Nxb8 Rxb8 36. Bxd6 Rd8 37. Bxf8 Kxf8 38. Qxd4 Ng7 39. Qc5+ Kg8 40. g4 h5 41. Kg2 hxg4 42. hxg4 Ne8 43. Qa5 Rd6 44. g5 Kf8 45. Kf3 Ke7 46. Ke4 Ng7 47. Qc7+ Rd7 48. Qe5+ Kf8 49. Qb8+ Ke7 50. Ke5 Nf5 51. Qb4+ Ke8 52. f4 Nd6 53. Qxd6 1-0

[Event "Titled Tuesday intern op 14th Nov Early"]
[Site "Chess.com INT"]
[Date "2023.11.14"]
[Round "3"]
[White "Passen, Brett"]
[Black "Balla, Tamas Kristof"]
[Result "0-1"]
[WhiteElo "1909"]
[BlackElo "2285"]
[PlyCount "68"]
[EventDate "2023.11.14"]
[EventType "swiss (blitz)"]
[EventRounds "11"]
[EventCountry "USA"]
[SourceTitle "CB47_2023"]
[SourceDate "2023.11.22"]
[SourceVersion "1"]
[SourceVersionDate "2023.11.22"]
[SourceQuality "1"]

1. c4 c5 2. g3 Nc6 3. Bg2 g6 4. Nc3 Bg7 5. a3 e6 6. b4 cxb4 7. axb4 d5 8. cxd5 exd5 9. b5 Nce7 10. Ba3 Nf6 11. d4 0-0 12. e3 Bg4 13. Nge2 Rc8 14. Qd2 Re8 15. 0-0 Bf5 16. Bc5 b6 17. Bb4 Qd7 18. Ra6 Ne4 19. Nxe4 Bxe4 20. Rfa1 Bxg2 21. Kxg2 Qxb5 22. Rxa7 Nf5 23. Nf4 Rc4 24. Nd3 Rec8 25. Ra8 h5 26. Rxc8+ Rxc8 27. h4 Rc4 28. Ra8+ Kh7 29. Ra7 Qe8 30. Rb7 Qe4+ 31. Kg1 Nxd4 32. exd4 Rxd4 33. Rxf7 Rxd3 34. Qb2 Rd1+ 0-1

[Event "Titled Tuesday intern op 22nd Aug Early"]
[Site "Chess.com INT"]
[Date "2023.08.22"]
[Round "4"]
[White "Vlassov, Nikolai"]
[Black "Passen, Brett"]
[Result "1-0"]
[WhiteElo "2283"]
[BlackElo "1909"]
[PlyCount "45"]
[EventDate "2023.08.22"]
[EventType "swiss (blitz)"]
[EventRounds "11"]
[EventCountry "USA"]
[SourceTitle "EXT 2024"]
[Source "ChessBase"]
[SourceDate "2023.10.10"]
[SourceVersion "1"]
[SourceVersionDate "2023.10.10"]
[SourceQuality "1"]

1. e4 c6 2. d4 d5 3. f3 Qb6 4. Nc3 dxe4 5. fxe4 e5 6. Nf3 exd4 7. Qxd4 Qxd4 8. Nxd4 Bc5 9. Nb3 Bd6 10. Bg5 Nd7 11. 0-0-0 h6 12. Rxd6 hxg5 13. Be2 Ngf6 14. h3 Nh5 15. Bxh5 Rxh5 16. Rhd1 Rh6 17. R6d2 Ke7 18. Nd4 g6 19. Nf3 f6 20. e5 Nxe5 21. Nxe5 fxe5 22. Rd8 b6 23. Rg8 1-0

[Event "Titled Tuesday intern op 08th Aug Late"]
[Site "Chess.com INT"]
[Date "2023.08.08"]
[Round "3"]
[White "Passen, Brett"]
[Black "Osiecki, Stanislaw"]
[Result "1-0"]
[WhiteElo "1909"]
[BlackElo "1996"]
[PlyCount "97"]
[EventDate "2023.08.08"]
[EventType "swiss (blitz)"]
[EventRounds "11"]
[EventCountry "USA"]
[SourceTitle "EXT 2024"]
[Source "ChessBase"]
[SourceDate "2023.10.10"]
[SourceVersion "1"]
[SourceVersionDate "2023.10.10"]
[SourceQuality "1"]

1. c4 Nf6 2. Nc3 g6 3. e4 d6 4. d4 Bg7 5. Be2 0-0 6. Bg5 h6 7. Be3 e5 8. d5 a5 9. Qd2 Kh7 10. f3 Na6 11. g4 h5 12. h3 Nc5 13. Bd1 Bd7 14. b3 a4 15. b4 Na6 16. a3 Qe7 17. Bxa4 Bxa4 18. Nxa4 c6 19. Nb6 Rad8 20. Ne2 cxd5 21. cxd5 Nc7 22. a4 Rh8 23. Kf2 Kg8 24. g5 Nd7 25. h4 Kh7 26. Rhc1 Nxb6 27. Bxb6 Rc8 28. Bxc7 Rxc7 29. Rxc7 Qxc7 30. a5 f6 31. Rc1 Qd7 32. Kg2 fxg5 33. hxg5 h4 34. Kh2 Rf8 35. Qc3 Qf7 36. Ng1 Qf4+ 37. Kh1 Qxg5 38. Rc2 Qf4 39. Qc7 h3 40. Rh2 Kg8 41. Rxh3 Qe3 42. Qxd6 Rf6 43. Qd8+ Rf8 44. Qd6 Rf6 45. Qxe5 Rf8 46. Qc7 Qf4 47. Qxf4 Rxf4 48. Kg2 Bd4 49. Ne2 1-0

[Event "Titled Tuesday intern op 08th Aug Late"]
[Site "Chess.com INT"]
[Date "2023.08.08"]
[Round "1"]
[White "Tologontegin, Semetey"]
[Black "Passen, Brett"]
[Result "1-0"]
[WhiteElo "2368"]
[BlackElo "1909"]
[PlyCount "59"]
[EventDate "2023.08.08"]
[EventType "swiss (blitz)"]
[EventRounds "11"]
[EventCountry "USA"]
[SourceTitle "EXT 2024"]
[Source "ChessBase"]
[SourceDate "2023.10.10"]
[SourceVersion "1"]
[SourceVersionDate "2023.10.10"]
[SourceQuality "1"]

1. e4 c6 2. d4 d5 3. e5 Bf5 4. c4 e6 5. Nc3 Ne7 6. h3 h6 7. Nf3 Nd7 8. b3 Bh7 9. Bb2 Ng6 10. Qd2 Be7 11. Bd3 0-0 12. cxd5 exd5 13. 0-0 Nh4 14. Bxh7+ Kxh7 15. Nxh4 Bxh4 16. g3 Be7 17. f4 f5 18. g4 g6 19. Ne2 Rg8 20. Kh1 Nf8 21. Qd3 Qd7 22. Rg1 Re8 23. Rg2 fxg4 24. hxg4 Ne6 25. f5 Ng5 26. Bc1 c5 27. f6 Bf8 28. Bxg5 hxg5 29. Rh2+ Bh6 30. Rxh6+ 1-0

[Event "Titled Tuesday intern op 01st Aug Late"]
[Site "Chess.com INT"]
[Date "2023.08.01"]
[Round "1"]
[White "Passen, Brett"]
[Black "Baziuk, Vladyslav"]
[Result "1-0"]
[WhiteElo "1909"]
[BlackElo "2211"]
[PlyCount "123"]
[EventDate "2023.08.01"]
[EventType "swiss (blitz)"]
[EventRounds "11"]
[EventCountry "USA"]
[SourceTitle "EXT 2024"]
[Source "ChessBase"]
[SourceDate "2023.10.10"]
[SourceVersion "1"]
[SourceVersionDate "2023.10.10"]
[SourceQuality "1"]

1. c4 c5 2. g3 Nc6 3. Bg2 g6 4. Nc3 Bg7 5. a3 a5 6. Rb1 e5 7. d3 d6 8. Nf3 Nge7 9. 0-0 0-0 10. Ne1 Be6 11. Nc2 d5 12. cxd5 Nxd5 13. Ne3 Nde7 14. Nc4 b6 15. Bg5 f6 16. Be3 Rb8 17. Qa4 Nd4 18. Bxd4 exd4 19. Nb5 Qd7 20. b4 axb4 21. axb4 Nd5 22. bxc5 bxc5 23. Qa7 Rb7 24. Qxc5 Rc8 25. Qd6 Qf7 26. Nxd4 Rxb1 27. Rxb1 Nc3 28. Rb7 Bxc4 29. Rxf7 Bxf7 30. Bf3 f5 31. Ne6 Bf6 32. Nc7 Bg7 33. Nd5 Nb5 34. Ne7+ Kh8 35. Qb6 Rc1+ 36. Kg2 Nc7 37. Qb8+ Ne8 38. Bc6 Rxc6 39. Nxc6 Bd5+ 40. f3 Bxc6 41. Qc8 Ba4 42. Qa8 Bb5 43. Qb8 Ba4 44. h4 h5 45. e4 Kh7 46. Qa7 Bc2 47. Qe3 Bb3 48. d4 Nf6 49. Qxb3 fxe4 50. fxe4 Nxe4 51. Qf3 Nf6 52. d5 Ng4 53. d6 Ne5 54. Qd5 Nd7 55. Qf7 Ne5 56. Qe6 Nc6 57. d7 Nd4 58. Qe8 Nf5 59. d8Q Ne3+ 60. Qxe3 g5 61. Qdd3+ Kh6 62. Qxg5# 1-0

[Event "Titled Tuesday intern op 20th Jun Late"]
[Site "Chess.com INT"]
[Date "2023.06.20"]
[Round "2"]
[White "Passen, Brett"]
[Black "Bolourchifard, Farzad"]
[Result "0-1"]
[WhiteElo "1909"]
[BlackElo "2292"]
[PlyCount "138"]
[EventDate "2023.06.20"]
[EventType "swiss (blitz)"]
[EventRounds "11"]
[EventCountry "USA"]
[SourceTitle "EXT 2024"]
[Source "ChessBase"]
[SourceDate "2023.10.10"]
[SourceVersion "1"]
[SourceVersionDate "2023.10.10"]
[SourceQuality "1"]

1. d4 Nf6 2. c4 e6 3. Nc3 d5 4. cxd5 exd5 5. Bg5 c6 6. e3 Be7 7. Bd3 0-0 8. Qc2 Nbd7 9. Nge2 Re8 10. 0-0 Nf8 11. f3 Be6 12. Bh4 c5 13. Bf2 Rc8 14. Rad1 Qd7 15. Bb5 Qd8 16. Bxe8 Qxe8 17. dxc5 Bxc5 18. Nd4 a6 19. a4 Bb4 20. Qd3 Bxc3 21. bxc3 Qxa4 22. Rb1 N6d7 23. Nf5 Nc5 24. Ne7+ Kh8 25. Qd4 Rc7 26. Nxd5 Qxd4 27. cxd4 Bxd5 28. dxc5 Ne6 29. e4 Bc6 30. Rfd1 Bb5 31. Rd6 h6 32. Rc1 g5 33. Bd4+ Kh7 34. Be5 Rxc5 35. Rxc5 Nxc5 36. Bf6 Nd7 37. Bd4 a5 38. Rd5 Bc6 39. Rxa5 Nf8 40. Kf2 Ne6 41. Bf6 Kg6 42. Bc3 h5 43. h3 h4 44. Bd2 Bd7 45. Be3 Bc6 46. Ke1 Bd7 47. Ra8 Bb5 48. Rb8 Ba6 49. Kf2 Kg7 50. g3 hxg3+ 51. Kxg3 Kg6 52. Rg8+ Kh7 53. Re8 Ng7 54. Re7 Kg6 55. Rc7 Ne6 56. Rc8 Bb5 57. h4 gxh4+ 58. Kxh4 Be2 59. f4 Kf6 60. Bd2 b5 61. Bc3+ Ke7 62. Kg3 Kd7 63. Rb8 Nc5 64. Bd4 Nxe4+ 65. Kg2 Ke6 66. Rb6+ Kd5 67. Be3 Kc4 68. Rb7 Nd6 69. Rd7 Kd5 0-1

[Event "Titled Tuesday intern op 20th Jun Late"]
[Site "Chess.com INT"]
[Date "2023.06.20"]
[Round "1"]
[White "Passen, Brett"]
[Black "Garcia Ramos, Daniel"]
[Result "1-0"]
[WhiteElo "1909"]
[BlackElo "2462"]
[PlyCount "91"]
[EventDate "2023.06.20"]
[EventType "swiss (blitz)"]
[EventRounds "11"]
[EventCountry "USA"]
[SourceTitle "EXT 2024"]
[Source "ChessBase"]
[SourceDate "2023.10.10"]
[SourceVersion "1"]
[SourceVersionDate "2023.10.10"]
[SourceQuality "1"]

1. d4 d5 2. c4 e6 3. Nc3 Nf6 4. cxd5 Nxd5 5. e4 Nxc3 6. bxc3 c5 7. Nf3 cxd4 8. cxd4 Bb4+ 9. Bd2 Bxd2+ 10. Qxd2 0-0 11. Bc4 Nd7 12. 0-0 b6 13. Rad1 Bb7 14. Rfe1 Rc8 15. Bb3 h6 16. Qf4 Qc7 17. Qxc7 Rxc7 18. d5 exd5 19. exd5 Nc5 20. d6 Rcc8 21. Ne5 Rcd8 22. Bc4 Be4 23. f3 Bf5 24. Nc6 Be6 25. Bxe6 fxe6 26. Nxd8 Rxd8 27. Re5 Kf7 28. Kf2 Kf6 29. f4 Rd7 30. g4 g5 31. Ke3 Nb7 32. h4 Nxd6 33. hxg5+ hxg5 34. Kf3 gxf4 35. Re2 e5 36. Red2 Ke6 37. g5 Rd8 38. g6 Kf5 39. Rxd6 Rh8 40. g7 Rg8 41. Rd7 e4+ 42. Kf2 Kg4 43. Rg1+ Kh4 44. Rh1+ Kg4 45. Rh8 e3+ 46. Ke2 1-0

[Event "Titled Tuesday intern op 02nd May Late"]
[Site "Chess.com INT"]
[Date "2023.05.02"]
[Round "4"]
[White "Danielyan, Vahe"]
[Black "Passen, Brett"]
[Result "1-0"]
[WhiteElo "2346"]
[BlackElo "1921"]
[PlyCount "73"]
[EventDate "2023.05.02"]
[EventType "swiss (blitz)"]
[EventRounds "11"]
[EventCountry "USA"]
[SourceTitle "EXT 2024"]
[Source "ChessBase"]
[SourceDate "2023.10.10"]
[SourceVersion "1"]
[SourceVersionDate "2023.10.10"]
[SourceQuality "1"]

1. e4 c6 2. c4 d5 3. exd5 cxd5 4. cxd5 Nf6 5. Nc3 g6 6. Nf3 Bg7 7. Qa4+ Nbd7 8. Bb5 0-0 9. 0-0 Nb6 10. Qb3 Nbxd5 11. Re1 e6 12. d4 h6 13. Bd2 Bd7 14. Bxd7 Qxd7 15. Ne5 Qe7 16. Nxd5 Nxd5 17. Nxg6 fxg6 18. Qxd5 Rad8 19. Qxe6+ Qxe6 20. Rxe6 Bxd4 21. Rxg6+ Kf7 22. Rxh6 Bxf2+ 23. Kxf2 Rxd2+ 24. Ke3 Rxg2 25. Rh3 Re8+ 26. Kd3 Rxb2 27. Rf1+ Ke7 28. Rh7+ Kd8 29. Rff7 Kc8 30. a4 a5 31. h4 Rd8+ 32. Kc3 Rb4 33. h5 Rg8 34. h6 Rg3+ 35. Kc2 Rc4+ 36. Kd2 Rxa4 37. Rf8# 1-0

[Event "Titled Tuesday intern op 02nd May Late"]
[Site "Chess.com INT"]
[Date "2023.05.02"]
[Round "1"]
[White "Simonian, Hrair"]
[Black "Passen, Brett"]
[Result "1-0"]
[WhiteElo "2431"]
[BlackElo "1921"]
[PlyCount "35"]
[EventDate "2023.05.02"]
[EventType "swiss (blitz)"]
[EventRounds "11"]
[EventCountry "USA"]
[SourceTitle "EXT 2024"]
[Source "ChessBase"]
[SourceDate "2023.10.10"]
[SourceVersion "1"]
[SourceVersionDate "2023.10.10"]
[SourceQuality "1"]

1. e4 c6 2. d4 d5 3. Nc3 dxe4 4. Nxe4 Nf6 5. Nxf6+ exf6 6. c3 Bd6 7. Bd3 0-0 8. Ne2 Re8 9. Qc2 h5 10. Bd2 Nd7 11. h3 Nf8 12. 0-0-0 Be6 13. c4 b5 14. c5 Bc7 15. Kb1 Qd5 16. Nc3 Qxg2 17. Be3 Qf3 18. Be4 1-0

[Event "Titled Tuesday intern op 25th Apr Early"]
[Site "Chess.com INT"]
[Date "2023.04.25"]
[Round "3"]
[White "Passen, Brett"]
[Black "Bilan, Danila"]
[Result "0-1"]
[WhiteElo "1921"]
[BlackElo "2303"]
[PlyCount "68"]
[EventDate "2023.04.25"]
[EventType "swiss (blitz)"]
[EventRounds "11"]
[EventCountry "USA"]
[SourceTitle "EXT 2024"]
[Source "ChessBase"]
[SourceDate "2023.10.10"]
[SourceVersion "1"]
[SourceVersionDate "2023.10.10"]
[SourceQuality "1"]

1. c4 c6 2. Nf3 d5 3. e3 Nf6 4. Nc3 e6 5. d4 Nbd7 6. Qc2 Bd6 7. g4 dxc4 8. Bxc4 Nd5 9. Bd2 b5 10. Ne4 Be7 11. Be2 Bb7 12. Rg1 0-0 13. g5 Qb6 14. Ne5 Rfd8 15. Bh5 Nxe5 16. dxe5 g6 17. Nf6+ Kg7 18. Rg3 Qc7 19. f4 Bb4 20. 0-0-0 Bxd2+ 21. Rxd2 Nb4 22. Qd1 Nxa2+ 23. Kb1 Rxd2 24. Qxd2 Rd8 25. Qe1 c5 26. Kxa2 c4 27. Bf3 Bxf3 28. Rxf3 h5 29. gxh6+ Kh8 30. Rf2 Qb6 31. Kb1 b4 32. Rd2 Rb8 33. Nd7 Qa5 34. Nxb8 b3 0-1

[Event "Titled Tuesday intern op 18th Apr Late"]
[Site "Chess.com INT"]
[Date "2023.04.18"]
[Round "4"]
[White "Bilan, Danila"]
[Black "Passen, Brett"]
[Result "0-1"]
[WhiteElo "2303"]
[BlackElo "1921"]
[PlyCount "80"]
[EventDate "2023.04.18"]
[EventType "swiss (blitz)"]
[EventRounds "11"]
[EventCountry "USA"]
[SourceTitle "EXT 2024"]
[Source "ChessBase"]
[SourceDate "2023.10.10"]
[SourceVersion "1"]
[SourceVersionDate "2023.10.10"]
[SourceQuality "1"]

1. d4 Nf6 2. Nf3 e6 3. g3 b5 4. Bg2 Bb7 5. 0-0 c5 6. a4 b4 7. c4 cxd4 8. Qxd4 Be7 9. b3 0-0 10. Bb2 Qc7 11. Nbd2 d6 12. Rac1 Nc6 13. Qd3 e5 14. Rfd1 Rad8 15. Ng5 h6 16. Nge4 Nxe4 17. Bxe4 Nb8 18. Nf1 Nd7 19. Bxb7 Qxb7 20. Ne3 Nc5 21. Qc2 Bg5 22. Nd5 Bxc1 23. Bxc1 Qd7 24. Bxh6 Qh3 25. Be3 Ne6 26. Bxa7 f5 27. Bb6 Rb8 28. a5 f4 29. Ne7+ Kf7 30. Nd5 fxg3 31. fxg3 Rbe8 32. a6 Kg8 33. e3 Ng5 34. Qg2 Nf3+ 35. Kh1 Qh5 36. a7 Nxh2 37. Ra1 Ng4+ 38. Qh3 Qxh3+ 39. Kg1 Rf2 40. a8Q Qh2# 0-1

[Event "Titled Tuesday intern op 18th Apr Late"]
[Site "Chess.com INT"]
[Date "2023.04.18"]
[Round "9"]
[White "Goncalves, Davi Sulzbacher"]
[Black "Passen, Brett"]
[Result "1-0"]
[WhiteElo "2282"]
[BlackElo "1921"]
[PlyCount "61"]
[EventDate "2023.04.18"]
[EventType "swiss (blitz)"]
[EventRounds "11"]
[EventCountry "USA"]
[SourceTitle "EXT 2024"]
[Source "ChessBase"]
[SourceDate "2023.10.10"]
[SourceVersion "1"]
[SourceVersionDate "2023.10.10"]
[SourceQuality "1"]

1. Nf3 Nf6 2. d4 e6 3. c4 d5 4. Nc3 Bb4 5. Qa4+ Nc6 6. Qc2 b6 7. Bg5 0-0 8. e3 Ba6 9. Ne5 Nxe5 10. dxe5 h6 11. exf6 hxg5 12. fxg7 Kxg7 13. 0-0-0 Qf6 14. cxd5 Bxf1 15. Rhxf1 Bxc3 16. Qxc3 Qxc3+ 17. bxc3 exd5 18. Rxd5 Kg6 19. Rd7 c5 20. Rfd1 Rh8 21. h3 Rh4 22. Rc7 f6 23. Rdd7 Ra4 24. Kb2 a5 25. g4 Rg8 26. f3 Rc4 27. Rb7 a4 28. a3 b5 29. Rxb5 Rh8 30. Rbb7 f5 31. Rd6# 1-0

[Event "Titled Tuesday intern op 11th Apr Late"]
[Site "Chess.com INT"]
[Date "2023.04.11"]
[Round "1"]
[White "Passen, Brett"]
[Black "Danielyan, Vahe"]
[Result "0-1"]
[WhiteElo "1921"]
[BlackElo "2346"]
[PlyCount "56"]
[EventDate "2023.04.11"]
[EventType "swiss (blitz)"]
[EventRounds "11"]
[EventCountry "USA"]
[SourceTitle "CBM 213 Extra"]
[Source "ChessBase"]
[SourceDate "2023.05.31"]
[SourceVersion "1"]
[SourceVersionDate "2023.05.31"]
[SourceQuality "1"]

1. c4 g6 2. Nc3 Bg7 3. d4 d6 4. e4 Nf6 5. Be2 0-0 6. Bg5 c6 7. Qd2 a6 8. Nf3 b5 9. a3 bxc4 10. Bxc4 Nxe4 11. Nxe4 d5 12. Nc5 dxc4 13. 0-0 Nd7 14. Rfe1 Nxc5 15. Bxe7 Nb3 16. Qf4 Qd5 17. Bxf8 Bxf8 18. Re5 Qd7 19. Rae1 Qg4 20. Qf6 Be6 21. Ng5 Bg7 22. Qe7 Bxe5 23. dxe5 Nd4 24. h3 Qf5 25. Re4 h6 26. Nxf7 Qxf7 27. Qxf7+ Kxf7 28. Rxd4 Bd5 0-1

[Event "Titled Tuesday intern op 11th Apr Early"]
[Site "Chess.com INT"]
[Date "2023.04.11"]
[Round "8"]
[White "Passen, Brett"]
[Black "Rodchenkov, Sergey D"]
[Result "0-1"]
[WhiteElo "1921"]
[BlackElo "2346"]
[PlyCount "76"]
[EventDate "2023.04.11"]
[EventType "swiss (blitz)"]
[EventRounds "11"]
[EventCountry "USA"]
[SourceTitle "CBM 213 Extra"]
[Source "ChessBase"]
[SourceDate "2023.05.31"]
[SourceVersion "1"]
[SourceVersionDate "2023.05.31"]
[SourceQuality "1"]

1. c4 e5 2. g3 Nf6 3. Bg2 c6 4. Nf3 e4 5. Nd4 d5 6. d3 Bc5 7. Nb3 Be7 8. cxd5 cxd5 9. Nc3 Bf5 10. Bg5 Nbd7 11. Nd4 Bg6 12. Rc1 a6 13. 0-0 0-0 14. dxe4 dxe4 15. f3 exf3 16. Nxf3 Bc5+ 17. Kh1 h6 18. Bh4 Be7 19. Nd5 Nxd5 20. Qxd5 Bxh4 21. Nxh4 Nf6 22. Qxb7 Rb8 23. Qxa6 Rxb2 24. Nxg6 fxg6 25. a4 Qe7 26. Bf3 Rfb8 27. a5 R2b5 28. Rc8+ Rxc8 29. Qxc8+ Kh7 30. a6 Ra5 31. Bb7 Qxe2 32. Qh3 Ra2 33. Bg2 Rxa6 34. Qc8 Ra2 35. Qb7 h5 36. Rxf6 Ra1+ 37. Rf1 Rxf1+ 38. Bxf1 Qxf1# 0-1

[Event "Titled Tuesday intern op 11th Apr Early"]
[Site "Chess.com INT"]
[Date "2023.04.11"]
[Round "2"]
[White "Passen, Brett"]
[Black "Urbina Perez, Juan Antonio"]
[Result "1-0"]
[WhiteElo "1921"]
[BlackElo "2266"]
[PlyCount "35"]
[EventDate "2023.04.11"]
[EventType "swiss (blitz)"]
[EventRounds "11"]
[EventCountry "USA"]
[SourceTitle "CBM 213 Extra"]
[Source "ChessBase"]
[SourceDate "2023.05.31"]
[SourceVersion "1"]
[SourceVersionDate "2023.05.31"]
[SourceQuality "1"]

1. c4 e5 2. g3 c6 3. Nf3 e4 4. Nd4 d5 5. d3 exd3 6. Qxd3 Nf6 7. Bg2 Bb4+ 8. Nc3 c5 9. Nc2 Bxc3+ 10. Qxc3 d4 11. Qb3 0-0 12. Bg5 Nc6 13. 0-0 h6 14. Bf4 Na5 15. Qd3 Re8 16. b4 cxb4 17. Nxd4 Qc7 18. Bxc7 1-0